Engineering Graphics with AutoCAD 2009 / (Record no. 616021)

000 -LEADER
fixed length control field 00479nam a22001697a 4500
003 - CONTROL NUMBER IDENTIFIER
control field NUST
005 - DATE AND TIME OF LATEST TRANSACTION
control field 20260202154420.0
008 - FIXED-LENGTH DATA ELEMENTS--GENERAL INFORMATION
fixed length control field 260202b ||||| |||| 00| 0 eng d
020 ## - INTERNATIONAL STANDARD BOOK NUMBER
International Standard Book Number 978-0135000892
082 ## - DEWEY DECIMAL CLASSIFICATION NUMBER
Classification number 620.0042
100 ## - MAIN ENTRY--PERSONAL NAME
Personal name Bethune, James D.
9 (RLIN) 63397
245 ## - TITLE STATEMENT
Title Engineering Graphics with AutoCAD 2009 /
Statement of responsibility, etc. Bethune, James D.
260 ## - PUBLICATION, DISTRIBUTION, ETC.
Place of publication, distribution, etc. USA:
Name of publisher, distributor, etc. Pearson College Div,
Date of publication, distribution, etc. 2008.
300 ## - PHYSICAL DESCRIPTION
Extent 737 p;
Dimensions 8.5 x 1.25 x 11 inches
563 ## - BINDING INFORMATION
Binding note Papercover
942 ## - ADDED ENTRY ELEMENTS (KOHA)
Source of classification or shelving scheme
Koha item type Book
Holdings
Withdrawn status Lost status Source of classification or shelving scheme Damaged status Not for loan Permanent Location Current Location Date acquired Total Checkouts Full call number Barcode Date last seen Price effective from Koha item type
          Institute of Geographical Information Systems (IGIS) Institute of Geographical Information Systems (IGIS) 02/02/2026   620.0042 IGIS-633 02/02/2026 02/02/2026 Book
© 2023 Central Library, National University of Sciences and Technology. All Rights Reserved.